000 00570nam a2200181Ia 4500
005 20250508163456.0
008 008 250505s9999 xx 000 0 eng d
037 _aDissertations
040 _aFEDL
_beng
_cFEDL
041 _aeng
_2eng
084 _a155.5, ARO/DI
_qFEDL
100 _aArora Neeru
_9559245
245 0 _aParent child relationship and personal values of the adolescents pursuing to person-oriented and non person-oriented occupations
260 _c1976
300 _a88p.
942 _cDIS
_h155.5, ARO/DI
999 _c1383540
_d1383540